• 首页
  • 本馆介绍
  • 公告通知
  • 最新文献
  • 馆藏检索
  • 电子资源
  • 读者导购
  • 参考咨询
  • 我的图书馆
  • 登录
  • 详细信息显示
  • 放入我的书架
  • 预约/预借图书
  • 作者相关作品
  • 分类相关作品
  • 丛书相关作品
  • 出版社相关作品

书目信息

  • 表格格式
  • 工作单格式
  • 卡片格式
题名:
互联网时代高校图书馆与公共文化服务的融合发展和实践
    
 
作者: 刘华卿, 著
分册:  
出版信息: 长春   吉林大学出版社  2019.05
页数: 234页
开本: 24cm
丛书名:
单 册:
中图分类: G258.6 , G123
科图分类:
主题词: 院校图书馆--yuan xiao tu shu guan--图书馆服务--关系--公共管理--文化工作--中国
电子资源:
ISBN: 978-7-5692-4784-8
000 01435nam0 2200277 450
001 CAL 0120192801600
005 20230217093113.0
010    @a978-7-5692-4784-8@dCNY69.00
100    @a20190709d2019 em y0chiy0120 ea
101 0  @achi
102    @aCN@b220000
105    @aa a 000yy
106    @ar
200 1  @a互联网时代高校图书馆与公共文化服务的融合发展和实践@Ahu lian wang shi dai gao xiao tu shu guan yu gong gong wen hua fu wu de rong he fa zhan he shi jian@f刘华卿著
210    @a长春@c吉林大学出版社@d2019.05
215    @a234页@c图@d24cm
300    @a2017年河北省社会科学基金项目 项目编号: HB17TQ017
314    @a刘华卿, 女, 河北省巨鹿县人, 毕业地河北大学图书情报学系。
320    @a有书目 (第230-233页)
330    @a本书主要对互联网时代高校图书馆与公共文化服务的融合发展与实践建设进行了系统研究分析, 讨论了图书馆与公共文化服务的关系、互联网技术对图书馆和公共文化服务事业的影响, 并研究了高校图书馆开展公共文化服务的理念和现实依据, 结合现状对我国高校图书馆参与公共文化服务的主要模式进行了案例剖析, 总结了国内外高校图书馆参与公共文化服务的经验, 从中找到其发展的问题和障碍, 提出具体对策, 最后对互联网时代高校图书馆与文化服务行业的融合发展趋势作了展望与探讨。
606 0  @a院校图书馆@Ayuan xiao tu shu guan@x图书馆服务@x关系@x公共管理@x文化工作@y中国
690    @aG258.6@v5
690    @aG123@v5
701  0 @a刘华卿,@Aliu hua qing@f1971-@4著
801  0 @aCN@bBJXHZP@c20230228
905    @b1382268-71@dG258.6@e76@f4
    
    互联网时代高校图书馆与公共文化服务的融合发展和实践/刘华卿著.-长春:吉林大学出版社,2019.05
    234页:图;24cm
    2017年河北省社会科学基金项目 项目编号: HB17TQ017
    
    ISBN 978-7-5692-4784-8:CNY69.00
    本书主要对互联网时代高校图书馆与公共文化服务的融合发展与实践建设进行了系统研究分析, 讨论了图书馆与公共文化服务的关系、互联网技术对图书馆和公共文化服务事业的影响, 并研究了高校图书馆开展公共文化服务的理念和现实依据, 结合现状对我国高校图书馆参与公共文化服务的主要模式进行了案例剖析, 总结了国内外高校图书馆参与公共文化服务的经验, 从中找到其发展的问题和障碍, 提出具体对策, 最后对互联网时代高校图书馆与文化服务行业的融合发展趋势作了展望与探讨。
●
相关链接 在E读中查询图书 在五车中查询图书 在当当中查询图书 在豆瓣中查询图书


正题名:互联网时代高校图书馆与公共文化服务的融合发展和实践     索取号:G258.6/76         预约/预借

序号 登录号 条形码 馆藏地/架位号 状态 备注
1 1382268   213822684   第一样本阅览室/ [索取号:G258.6/76] 在馆    
2 1382269   213822693   第四借阅区/ [索取号:G258.6/76] 已借出,限还日期为2027.03.17
借出人:王颖  
 
3 1382270   213822700   第四借阅区/ [索取号:G258.6/76] 在馆    
4 1382271   213822719   第四借阅区/ [索取号:G258.6/76] 在馆    
唐山师范学院图书馆 欢迎您!
大连网信软件有限公司© 版权所有